|
|
|
|
| LEADER |
00783nam a2200157Ia 4500 |
| 001 |
TDMU_27113 |
| 008 |
210410s9999 xx 000 0 und d |
| 082 |
|
|
|a 635
|
| 100 |
|
|
|a Hoàng Đình Quang
|
| 245 |
|
0 |
|a Nghiên cứu đặc điểm tái sinh dưới tán rừng kín thường xanh ẩm á nhiệt đới tại vườn quốc gia Bidoup - Núi Bà, tỉnh Lâm Đồng
|
| 245 |
|
0 |
|c Hoàng Đình Quang, Lê Quang Minh
|
| 300 |
|
|
|a Tr.85-90
|
| 650 |
|
|
|a Nông - Lâm - Nghiệp; Tái sinh rừng tự nhiên; Vườn Quốc gia Bidoup - Núi Bà
|
| 700 |
|
|
|a Lê, Quang Minh
|
| 856 |
|
|
|u http://lrc.tdmu.edu.vn/opac/search/detail.asp?aID=2&ID=27113
|
| 980 |
|
|
|a Trung tâm Học liệu Trường Đại học Thủ Dầu Một
|